LEADER 01100nam a2200277 i 4500 001 991002129849707536 005 20020508190959.0 008 010514s1988 it ||| | ita 020 $a8820426420 035 $ab10963674-39ule_inst 035 $aPARLA155038$9ExL 040 $aDip.to Filosofia$bita 082 0 $a539.1409041 100 1 $aMaiocchi, Roberto$052968 245 13$aLa belle époque dell'atomo :$bricerche sulla vittoria dell'atomismo nella fisica del primo Novecento /$cRoberto Maiocchi 260 $aMilano :$bAngeli,$c[1988] 300 $a315 p. ;$c22 cm. 490 0 $aStoria aS [Angeli] ;$v104 650 4$aAtomo$xTeorie$y1900-1910 907 $a.b10963674$b23-02-17$c28-06-02 912 $a991002129849707536 945 $aLE005IF XLVI C 12$g1$iLE005IFA-3030$lle005$o-$pE0.00$q-$rl$s- $t0$u0$v0$w0$x0$y.i11073391$z28-06-02 945 $aLE023 539.1 MAI 1 1$g1$i2023000077832$lle023$o-$pE14.00$q-$rl$s- $t0$u0$v0$w0$x0$y.i14168522$z14-12-05 996 $aBelle époque dell'atomo$9185703 997 $aUNISALENTO 998 $ale005$ale023$b01-01-01$cm$da $e-$fita$git $h3$i1 LEADER 03343oam 2200649I 450 001 9910790204003321 005 20230814232000.0 010 $a0-429-92296-5 010 $a0-429-90873-3 010 $a0-429-48396-1 010 $a1-280-12565-9 010 $a9786613529510 010 $a1-84940-959-5 035 $a(CKB)2670000000151292 035 $a(EBL)860789 035 $a(OCoLC)777375524 035 $a(SSID)ssj0000642026 035 $a(PQKBManifestationID)11941667 035 $a(PQKBTitleCode)TC0000642026 035 $a(PQKBWorkID)10646962 035 $a(PQKB)10164153 035 $a(MiAaPQ)EBC860789 035 $a(Au-PeEL)EBL860789 035 $a(CaPaEBR)ebr10535740 035 $a(CaONFJC)MIL352951 035 $a(OCoLC)1029248532 035 $a(FlBoTFG)9780429483967 035 $a(EXLCZ)992670000000151292 100 $a20181122h20182012 uy 0 101 0 $aeng 135 $aur||| ||||| 181 $ctxt 182 $cc 183 $acr 200 10$aThinking of Becoming a Counsellor? /$fby Jonathan Ingrams 205 $aFirst edition. 210 1$aBoca Raton, FL :$cRoutledge,$d[2018]. 210 4$d©2012. 215 $a1 online resource (177 p.) 300 $aDescription based upon print version of record. 311 $a0-367-10091-6 311 $a1-78049-016-X 320 $aIncludes bibliographical references and index. 327 $aCOVER; CONTENTS; ABOUT THE AUTHOR; INTRODUCTION; CHAPTER ONE Beginnings; CHAPTER TWO The age of psychoanalysis; CHAPTER THREE The impact of childhood; CHAPTER FOUR The road to self-discovery; CHAPTER FIVE How we construct our world; CHAPTER SIX Inter-relationships; CHAPTER SEVEN The power of conditioning; CHAPTER EIGHT Automatic thoughts and irrational beliefs; CHAPTER NINE The counselling environment today; CONCLUSION; SUGGESTED READING; INDEX 330 3 $aIf you are thinking of becoming a counsellor, you may be wondering if you could put to good use your own life experience by offering support and understanding to those trying to cope with difficulties that you may have encountered and worked through yourself. The ancient Greek aphorism "know thyself" is immensely important in this regard. For unless counsellors are in harmony with themselves they cannot truly relate to the needs of those they seek to help. It is not enough for the counsellor to play the role of the therapist. He or she has to be the therapist - a very different concept. This book explores the journeys of self-discovery that prompted the pioneering practitioners to direct their skills in particular ways and the influence exerted by their backgrounds, ambitions, and personal histories. The overall objective is to help intending therapists to arrive at an understanding of the inner resources they will need to embark on a counselling career, and to help them determine which approach might best accord with their temperament and lifetime's experience. 606 $aPsychology$xVocational guidance 615 0$aPsychology$xVocational guidance. 676 $a158.3 676 $a158.3071 676 $a616.8914 700 $aIngrams$b Jonathan$01570059 801 0$bFlBoTFG 801 1$bFlBoTFG 906 $aBOOK 912 $a9910790204003321 996 $aThinking of Becoming a Counsellor$93843429 997 $aUNINA LEADER 01544nas 2200457 c 450 001 9910311926303321 005 20220129001631.0 035 $a(CKB)4710000000000035 035 $a(DE-101)113919139X 035 $a(DE-599)ZDB2904586-1 035 $a(EXLCZ)994710000000000035 100 $a20170901a20179999 |y | 101 0 $aeng 135 $aur||||||||||| 181 $ctxt$2rdacontent 182 $cc$2rdamedia 183 $acr$2rdacarrier 200 00$aCIPEG journal$eAncient Egyptian & Sudanese collections and museums 210 31$aHeidelberg$cUniversita?tsbibliothek Heidelberg$d2017- 215 $aOnline-Ressource 311 $a2522-2678 517 $aCIPEG Journal 606 $3(DE-588)4638925-8$3https://d-nb.info/gnd/4638925-8$3(DE-101)961717548$aA?gyptisches Museum$2gnd 606 $3(DE-588)4142944-8$3https://d-nb.info/gnd/4142944-8$3(DE-101)041429443$aArcha?ologisches Museum$2gnd 606 $3(DE-588)4128844-0$3https://d-nb.info/gnd/4128844-0$3(DE-101)041288440$aSammlung$2gnd 607 $aA?gypten$gAltertum$2gnd 607 $aSudan$2gnd 608 $aZeitschrift$2gnd-content 615 7$aA?gyptisches Museum 615 7$aArcha?ologisches Museum 615 7$aSammlung 676 $a930 686 $aALT-AY$qDE-16$2fid 712 02$aInternational Council of Museums$bInternational Committee for Egyptology$4isb 801 0$b0016 801 1$bDE-101 801 2$b0473 906 $aJOURNAL 912 $a9910311926303321 996 $aCIPEG journal$92189000 997 $aUNINA